| Tag |
First Indicator |
Second Indicator |
Subfields |
| LEADER |
00000cam a2200000 i 4500 |
| 001 |
in00000042055 |
| 005 |
20151007070721.0 |
| 008 |
770425m19779999nyua b 00110 eng d |
| 035 |
|
|
|a (OCoLC)02914669
|
| 035 |
|
|
|9 AAE4574AM
|
| 040 |
|
|
|a WLU
|c WLU
|d TXA
|d UtOrBLW
|
| 049 |
|
|
|a TXAM
|v 1 [977837]
|v 2 [1115371]
|
| 090 |
|
|
|a TA365
|b .R4 1977
|
| 100 |
1 |
|
|a Rettinger, Michael,
|d 1905-
|
| 245 |
1 |
0 |
|a Acoustic design and noise control /
|c Michael Rettinger.
|
| 264 |
|
1 |
|a New York :
|b Chemical Pub. Co.,
|c 1977-
|
| 300 |
|
|
|a volumes :
|b illustrations ;
|c 23 cm.
|
| 336 |
|
|
|a text
|b txt
|2 rdacontent
|
| 337 |
|
|
|a unmediated
|b n
|2 rdamedia
|
| 338 |
|
|
|a volume
|b nc
|2 rdacarrier
|
| 500 |
|
|
|a 1st edition published under the title: Acoustics--room design and noise control.
|
| 500 |
|
|
|a Includes index.
|
| 504 |
|
|
|a Bibliography: [volume 1] pages 278-280.
|
| 505 |
0 |
|
|a v. 1. Acoustic design.--v. 2. Noise control.
|
| 650 |
|
0 |
|a Acoustical engineering.
|
| 650 |
|
0 |
|a Architectural acoustics.
|
| 650 |
|
0 |
|a Noise control.
|
| 999 |
|
|
|a MARS
|
| 999 |
f |
f |
|s 0db5df42-f65a-3533-8a43-e85ea11d6c3c
|i f94faa63-1d1c-320c-8aab-b1bc5bc34f8e
|t 0
|
| 952 |
f |
f |
|p ric
|a Texas A&M University
|b Rellis Campus
|c Joint Library Facility
|d Remote Storage
|t 0
|e TA365 .R4 1977
|h Library of Congress classification
|i unmediated -- volume
|k v.2
|m A14805306343
|
| 952 |
f |
f |
|p ric
|a Texas A&M University
|b Rellis Campus
|c Joint Library Facility
|d Remote Storage
|t 0
|e TA365 .R4 1977
|h Library of Congress classification
|i unmediated -- volume
|k v.1
|m A14805306335
|
| 998 |
f |
f |
|a TA365 .R4 1977
|s v.1-v.2
|t 0
|l Remote Storage
|